Statistics for Land Word Quiz

Click here to take the quiz!

General Stats

  • This quiz has been taken 31 times
  • The average score is 13 of 20

Answer Stats

HintAnswer% Correct
Elvis Presley's mansionGraceland
100%
World famous theme park in Anaheim, CADisneyland
97%
Alice in __________Wonderland
93%
Home of Peter PanNeverland
90%
Theme park based on Danish toy brandLegoland
83%
Germany in GermanDeutschland
83%
City in Maine or OregonPortland
76%
She was Dorothy Gale in The Wizard of OzJudy Garland
76%
Recognizable natural or artificial feature used for navigationLandmark
72%
Autonomous country within the Danish RealmGreenland
66%
Land that was given to Abraham by GodPromised Land
59%
It is "old" in Europe and New in notrheast of the U.S.England
55%
Rock and Roll hall of fameCleveland
52%
Austria, Mongolia, Bolivia e.g.Landlocked
48%
American manufacturer famous for its footwearTimberland
48%
Name of early jazz stylesDixieland
45%
Natural feature of the Earth's surfaceLandform
38%
Capital of WesterosKing's Landing
34%
Patria in SpanishFatherland
34%
_____ ______ and Providence PlantationsRhode Island
31%

Score Distribution

Percentile by Number Answered

Percent of People with Each Score

Your Score History

You have not taken this quiz